|
|
|
|
| LEADER |
00000nam0a2200000 4500 |
| 001 |
204164 |
| 005 |
20231101225211.0 |
| 010 |
|
|
|a 5020034770
|
| 020 |
|
|
|a RU
|b 91-34705
|
| 035 |
|
|
|a (RuTPU)RU\TPU\book\222512
|
| 090 |
|
|
|a 204164
|
| 100 |
|
|
|a 20111121d1991 km y0rusy5003 ca
|
| 101 |
0 |
|
|a rus
|
| 102 |
|
|
|a RU
|
| 105 |
|
|
|a ac z 000zb
|
| 200 |
1 |
|
|a Леонид Самуилович Лейбензон, 1879-1951
|f А. Н. Боголюбов, Т. Л. Канделаки
|g Академия наук СССР (АН СССР) ; под ред. А. Т. Григорьяна
|
| 210 |
|
|
|a Москва
|c Наука
|d 1991
|
| 215 |
|
|
|a 288 с.
|c ил.
|d 20 см
|
| 225 |
1 |
|
|a Научно-биографическая литература
|
| 320 |
|
|
|a Основные тр. Л. С. Лейбензона, лит. о нем: с. 266-274 (190 назв.).
|
| 320 |
|
|
|a Имен. указ.: с. 275-283.
|
| 600 |
|
1 |
|a Лейбензон
|b Л. С.
|c российский механик
|c основатель подземной гидравлики
|f 1879-1951
|g Леонид Самуилович
|2 stltpush
|3 (RuTPU)RU\TPU\pers\15095
|9 5184
|
| 610 |
0 |
|
|a механика
|
| 610 |
0 |
|
|a СССР
|
| 610 |
0 |
|
|a история
|
| 610 |
0 |
|
|a механики
|
| 610 |
0 |
|
|a персоналии
|
| 610 |
0 |
|
|a гидродинамика
|
| 610 |
0 |
|
|a упругость
|
| 610 |
0 |
|
|a математические методы
|
| 675 |
|
|
|a 929Лейбензон
|z rus
|
| 686 |
|
|
|a 30.01
|2 rugasnti
|
| 700 |
|
1 |
|a Боголюбов
|b А. Н.
|g Алексей Николаевич
|4 070
|
| 701 |
|
1 |
|a Канделаки
|b Т. Л.
|g Тамара Левановна
|4 070
|
| 702 |
|
1 |
|a Григорьян
|b А. Т.
|4 340
|
| 712 |
0 |
2 |
|a Академия наук СССР (АН СССР)
|2 stltpush
|3 (RuTPU)RU\TPU\col\722
|
| 801 |
|
0 |
|a RU
|b RuMRKP
|c 19950417
|g psbo
|
| 801 |
|
1 |
|a RU
|b 63413507
|c 20111121
|
| 801 |
|
2 |
|a RU
|b 63413507
|c 20111128
|g RCR
|
| 942 |
|
|
|c BK
|